Comparative effects of antibiotic and prebiotic on growth performance and carcass traits in broiler chicken / (Record no. 18402)

MARC details
000 -LEADER
fixed length control field 01098nam a22002657a 4500
001 - CONTROL NUMBER
control field BD-DhSAU 9278
003 - CONTROL NUMBER IDENTIFIER
control field BD-DhSAU
005 - DATE AND TIME OF LATEST TRANSACTION
control field 20260513112823.0
008 - FIXED-LENGTH DATA ELEMENTS--GENERAL INFORMATION
fixed length control field 260513b2018 bg a|||| m||| 00| 0 eng d
040 ## - CATALOGING SOURCE
Original cataloging agency BD-DhSAU
082 ## - DEWEY DECIMAL CLASSIFICATION NUMBER
Edition number 22
Classification number 636.085
Item number B9642
100 ## - MAIN ENTRY--PERSONAL NAME
Personal name MIM, BUSHRA AKTER
Relator term Registration # 18-08814
245 ## - TITLE STATEMENT
Title Comparative effects of antibiotic and prebiotic on<br/>growth performance and carcass traits in broiler <br/>chicken /<br/> <br/>
Remainder of title MS thesis
260 ## - PUBLICATION, DISTRIBUTION, ETC. (IMPRINT)
Place of publication, distribution, etc. Sher-e-Bangla Agricultural University;
Name of publisher, distributor, etc. Department of Animal nutrition, genetics and breeding ;
Date of publication, distribution, etc. 2024.
300 ## - PHYSICAL DESCRIPTION
Extent xv, 64p. :
Other physical details ill. ;
Dimensions 30 cm.
500 ## - GENERAL NOTE
General note MS thesis of Department of Animal nutrition, genetics and breeding ;, ;, Faculty of ASVM. Sher-e-Balgla Agricultural University Dhaka-1207
504 ## - BIBLIOGRAPHY, ETC. NOTE
Bibliography, etc Includes bibliographical reference.
590 ## - Name of Cataloguer
Name of Cataloger Nazmul
650 ## - SUBJECT ADDED ENTRY--TOPICAL TERM
Topical term or geographic name as entry element antibiotic and prebiotic
650 ## - SUBJECT ADDED ENTRY--TOPICAL TERM
Topical term or geographic name as entry element carcass traits in broiler chicken
700 ## - ADDED ENTRY--PERSONAL NAME
Personal name Prof. Dr. Md. Mufazzal Hossain
Relator term Superviser
710 ## - ADDED ENTRY--CORPORATE NAME
Relator term Co-Superviser
Corporate name or jurisdiction name as entry element Md. Mahfuj Ullah Patoary
942 ## - ADDED ENTRY ELEMENTS (KOHA)
Source of classification or shelving scheme Dewey Decimal Classification
Koha item type MS Level Thesis
Holdings
Withdrawn status Lost status Source of classification or shelving scheme Damaged status Not for loan Collection code Home library Branch Name Date acquired Total Checkouts Full call number Barcode Date last seen Price effective from Koha item type
    Dewey Decimal Classification   Not For Loan Reference SAU Library SAU Library 13/05/2026   636.085 B9642 46282 13/05/2026 13/05/2026 MS Level Thesis